000 00384nam a2200133Ia 4500
008 220217s9999||||xx |||||||||||||| ||und||
020 _a81-297-0409-9
082 _a005.1 DIX
100 _aDix, Alan, Finaly, Janet, Abowd, Gregory, D
245 0 _aHuman computer interaction
260 _aPearson education of asia
_bDelhi
_c2004
300 _b395
650 _aCOMPUTER SCIENCE
999 _c173481
_d173481